Multiply by 2 - Difficult - Statistiken

Allgemein
  • Dieses Quiz wurde 25 mal gespielt
  • Das Durchschnittsergebnis liegt bei 17 aus 49
Antwortstatistiken
Æ̕̕̕̕̕̕̕̕̕̕̕̕̕̕̕̕̕̕̕̕̕̕̕̕̕̕̕̕̕̕̕̕̕̕̕̕̕̕̕̕̕̕̕̕̕̕̕̕̕̕̕̕̕̕̕̕̕̕̕̕̕̕̕̕̕̕̕̕̕̕̕̕̕̕̕̕̕̕̕̕̕̕̕̕̕̕̕̕̕̕̕̕̕̕̕̕̕̕̕̕̕̕̕̕̕̕̕̕̕̕ 0,25 % Korrekt
0,5
100%
1
95%
16
95%
2
95%
32
95%
4
95%
8
95%
128
89%
64
89%
1024
84%
2048
84%
256
84%
4096
84%
512
84%
16384
68%
8192
68%
1048576
16%
131072
16%
262144
16%
524288
16%
65536
16%
1073741824
11%
134217728
11%
16777216
11%
2097152
11%
2147483648
11%
268435456
11%
33554432
11%
4194304
11%
536870912
11%
67108864
11%
8388608
11%
1099511627776
5%
137438953472
5%
17179869184
5%
17592186044416
5%
2199023255552
5%
274877906944
5%
32769
5%
34359738368
5%
35184372088832
5%
4294967296
5%
4398046511104
5%
549755813888
5%
68719476736
5%
70368744177664
5%
8589934592
5%
8796093022208
5%
Round up to the next round number 100000000000000
0%
Keine übereinstimmenden Quizze gefunden
Verteilung der Resultate
Anzahl Personen mit jedem Resultat
Perzentil nach korrekt beantworteten Fragen
Ihre Resultats-Entwicklung
Sie haben dieses Quiz noch nicht gespielt